000 00512nam a22002057a 4500
999 _c7843
_d7843
001 7843
003 BD-JhCC
005 20180214164207.0
008 180214s1967 pk ||||| |||| 00| 0 eng d
035 _a(BD-JhCC)7843
040 _aBD-JhCC
_dBD-JhCC
041 _aeng
082 _a001
_bHAY 1967
100 _aHaye, Kh. A.
245 _aGeneral Knowledge /
_cKh. A. Haye
260 _aKarachi :
_bPatwa Publishing House,
_c1967.
300 _a481 p. :
_c22 cm.
650 _aGeneral Knowledge
942 _2ddc
_cBK